MARC

LEADER 00000nam0a2200000 4500
001 128903
005 20231031133128.0
035 |a (RuTPU)RU\TPU\book\139497 
090 |a 128903 
100 |a 20080116d1969 m y0rusy50 ca 
101 0 |a rus 
102 |a RU 
105 |a a z 001zy 
200 1 |a Практика слесарно-инструментальных и шлифовальных работ  |f С. П. Григорьев 
210 |a Москва  |c Машиностроение  |d 1969 
215 |a 376 с.  |c ил. 
320 |a Библиогр.: с. 374. 
610 1 |a практика 
610 1 |a слесарно-инструментальные работы 
610 1 |a шлифовальные работы 
610 1 |a слесарные работы 
610 1 |a шлифование 
610 1 |a металлы 
610 1 |a средства измерений 
610 1 |a приемы 
610 1 |a изготовление 
610 1 |a скобы 
610 1 |a шаблоны 
610 1 |a граверные работы 
610 1 |a маркирование 
675 |a 621.9с  |v 3 
675 |a 621.924  |v 3 
700 1 |a Григорьев  |b С. П.  |g Степан Петрович 
801 1 |a RU  |b 63413507  |c 20080116  |g PSBO 
801 2 |a RU  |b 63413507  |c 20221031  |g PSBO 
942 |c BK